000
00202nam a2200097Ia 4500
008
240331s9999 xx 000 0 und d
082
_a
294.5
_b
REN
100
_a
Renou,L. ed
245
0
_a
Hinduism
942
_c
L
999
_c
938
_d
938